Primitive Traditional History. The Primitive History and Chronology of India, South Eastern and South Western Asia, Egypt, and Europa, and the colonies thence sent forth. With map, plates and diagrams. Vol.I

Enregistré dans:
Détails bibliographiques
Auteur principal: Hewitt, J. F. (Auteur)
Format: Livre
Langue:anglais
Publié: Londres James Parker and Co. 1907
Édition:1a. ed
Sujets:
Tags: Ajouter un tag
Pas de tags, Soyez le premier à ajouter un tag!

MARC

LEADER 00000nam a2200000 a 4500
001 UCJ6595
003 CL-VaPUC
008 070124e19070000UK |||||||||||||||||eng|d
082 0 4 |a 901  |b HEW  |2 21 
100 0 |a Hewitt, J. F.  |e author  |9 513497 
245 1 0 |a Primitive Traditional History. The Primitive History and Chronology of India, South Eastern and South Western Asia, Egypt, and Europa, and the colonies thence sent forth. With map, plates and diagrams. Vol.I 
250 |a 1a. ed 
300 |a 2 v 
942 |c BK 
945 |d 20070124 00:00:00  |a rinostro 
260 |a Londres  |b James Parker and Co.  |c 1907 
500 |a Ilustraciones y mapas conforme a lo señalado en índice. Advierte errata 
650 0 |a Arqueología   |9 265619 
650 0 |a Astronomía  |9 260985 
650 7 |a CALENDARIO  |2 CL-VaPUC  |9 389416 
650 7 |a CEREMONIAS FUNERARIAS  |2 CL-VaPUC  |9 513498 
650 0 |a Religión   |9 255164 
650 0 |a Migraciones   |9 377610 
651 0 |a Egipto   |9 268199 
651 0 |a Mesopotamia  |9 314286 
651 0 |a India  |9 267804 
651 0 |a Asia  |9 268338 
583 |a last modification  |c 20180123 06:41:07  |k Rodrigo Vera 
999 |c 322697  |d 322695 
952 |0 0  |1 0  |4 0  |6 901_000000000000000_HEW_1907  |7 0  |8 X  |9 401752  |a FDOBUD  |b FDOBUD  |d 2019-11-22  |h v.1  |i 1050095  |o 901 HEW 1907  |p 1050095  |r 2019-11-22  |w 2019-11-22  |y BK_X  |k BUD 
952 |0 0  |1 0  |4 0  |6 901_000000000000000_HEW_1907  |7 0  |8 X  |9 401753  |a FDOBUD  |b FDOBUD  |d 2019-11-22  |h v.2  |i 1079794  |o 901 HEW 1907  |p 1079794  |r 2019-11-22  |w 2019-11-22  |y BK_X  |k BUD